000 00705nam a22002177a 4500
999 _c8279
_d8279
001 8279
003 BD-JhCC
005 20181003173131.0
008 180220b1967 bg ||||| |||| 00| 0 ben d
035 _a(BD-JhCC)8279
040 _aBD-JhCC
_dBD-JhCC
041 _aben
082 _a973.9220924
_bROB 1967
100 _aরবার্টস, চার্লস
245 _aকেনেডী হত্যা সম্পর্সে সত্যের সন্ধান /
_c চার্লস রবার্টস
260 _aঢাকাঃ
_bখোশরোজ কিতাব মহল
_c1967
300 _a145 p. :
_c22 cm.
650 _aAssassionation
942 _2ddc
_cBK